| 000 | 01423nam a22003254a 4500 | ||
|---|---|---|---|
| 001 | ebr10038785 | ||
| 003 | CaPaEBR | ||
| 006 | m u | ||
| 007 | cr cn||||||||| | ||
| 008 | 990505s1999 dcua sb 001 0 eng | ||
| 010 | _z 99006484 | ||
| 020 | _z0309071550 (hardcover) | ||
| 040 |
_aCaPaEBR _cCaPaEBR |
||
| 035 | _a(OCoLC)43475156 | ||
| 050 | 1 | 4 |
_aRM666.C266 _bM365 1999eb |
| 082 | 0 | 4 |
_a615/.32345 _221 |
| 245 | 0 | 0 |
_aMarijuana and medicine _h[electronic resource] : _bassessing the science base / _cJanet E. Joy, Stanley J. Watson, Jr., and John A. Benson, Jr., editors ; Division of Neuroscience and Behavioral Health, Institute of Medicine. |
| 260 |
_aWashington, D.C. : _bNational Academy Press, _cc1999. |
||
| 300 |
_axvi, 267 p. : _bill. |
||
| 504 | _aIncludes bibliographical references and index. | ||
| 533 |
_aElectronic reproduction. _bPalo Alto, Calif. : _cebrary, _d2013. _nAvailable via World Wide Web. _nAccess may be limited to ebrary affiliated libraries. |
||
| 650 | 0 |
_aMarijuana _xTherapeutic use. |
|
| 650 | 0 |
_aCannabinoids _xTherapeutic use. |
|
| 655 | 7 |
_aElectronic books. _2local |
|
| 700 | 1 |
_aJoy, Janet E. _q(Janet Elizabeth), _d1953- |
|
| 700 | 1 |
_aWatson, Stanley J., _d1943- |
|
| 700 | 1 |
_aBenson, John A., _d1921- |
|
| 710 | 2 | _aebrary, Inc. | |
| 856 | 4 | 0 |
_uhttp://site.ebrary.com/lib/rucke/Doc?id=10038785 _zAn electronic book accessible through the World Wide Web; click to view |
| 999 |
_c58076 _d58076 |
||